Všeobecná konjunktura vyspělých kapitalistických států v létech 1970-1971 a perspektiva na začátek r. 1972
Enregistré dans:
| Auteur principal: | |
|---|---|
| Format: | Livre |
| Langue: | tchèque |
| Publié: |
Praha
Výzkumný ústav pro zahraniční obchod
1971
|
| Collection: | Ekonomické studie
č. 9 |
| Tags: |
Pas de tags, Soyez le premier à ajouter un tag!
|
MARC
| LEADER | 00000nam a2200000 4500 | ||
|---|---|---|---|
| 001 | c121036 | ||
| 005 | 20221207071104.8 | ||
| 041 | 0 | |a cze | |
| 044 | |a CZ | ||
| 245 | 1 | 0 | |a Všeobecná konjunktura vyspělých kapitalistických států v létech 1970-1971 a perspektiva na začátek r. 1972 |c Stanislav Dryák |
| 264 | 1 | |a Praha |b Výzkumný ústav pro zahraniční obchod |c 1971 | |
| 300 | |a 24 s. | ||
| 490 | 1 | |a Ekonomické studie |v č. 9 | |
| 830 | 0 | |a Ekonomické studie |v č. 9 | |
| 100 | 1 | |a Dryák, Stanislav | |